01111cam a2200265I 4500999001500000001000800015003000600023005001700029008004100046010001300087020001500100040003000115050002100145082001700166100004400183245005900227260006100286300001900347500010900366650001500475710007500490776014600565942001200711952012200723 c4507d45071592630OCoLC20181206170714.0750902s1867 pau 000 0 eng  a38007129 a0890860092 aDLCcMIAdCVNdLGGdOCLCF0 aBT265b.H65 1907 a232.3bH662A1 aHodge, Archibald Alexander,d1823-1886.14aThe atonement.cBy the Rev. Archibald Alexander Hodge. aPhiladelphia,bPresbyterian Board of Publicationc[1867] a440 p.c19 cm. aPart of the book appeared as articles in the Presbyterian banner during the winter of 1866-67. cf. Pref. 0aAtonement.2 aPresbyterian Church in the U.S.A. (Old School).bBoard of Publication.08iOnline version:aHodge, Archibald Alexander, 1823-1886.tAtonement.dPhiladelphia, Presbyterian Board of Publication [1867]w(OCoLC)609002416 2ddccBK 00102ddc40718NFICaHMCbHMCcGENd2018-12-06g190.00l0o232.3 H662Ap005186r2018-12-06 00:00:00w2018-12-06yBK